00987nam a2200265 a 4500001001000000003000500010005001700015008004100032010001100073011001100084040000900095100003700104245015900141260004100300500006000341502007700401650002500478650002200503650002600525650002700551650002500578700003200603856001600635856007000651000111975CHAP20220329144239.0151112s2015 mx a fsm |||||||spa d a108436 a109408 cCHAP1 aSánchez Marcelino, Juan José10aConcentración de N-NO3-YK+ en ECP y ELF en diferentes CEs en jitomate /h[En línea]cpor Juan José Sánchez Marcelino y Iván Andrade Hernández. aChapingo, Méx. :bEl autor,c2015. aPara ver el contenido del material haga clic en la liga aTesis (Ing. Agr. Esp. en Fitotecnia) -- UACH. Departamento de Fitotecnia14aElementos minerales.14aFertirrigación.14aSaviaxCirculación.14aSoluciones nutritivas.14aTomatexNutrición.1 aAndrade Hernández, Iván a1 n0000359 aFinding aiduhttp://10.13.5.2/tesis/sist111975.pdfzTeclea aquí